00320nam a22001217a 4500020001800000082001800018100001900036245004600055250000900101260003600110300004000146650001200186 a81-208-1058-9 a294.5921 SHA1 aSHARMA, Arvind aExperimental Dimension of Advaita Vedanta a1993 aDelhibMotilal Banarsidasc1993 a112bnotes, biblio, glossary, index aAdvaita